| 000 | 00777nam a2200229Ii 4500 | ||
|---|---|---|---|
| 003 | JO-AjNU | ||
| 008 | 230605s9999||||xx |||||||||||||| ||und|| | ||
| 017 | _a2003/4/737 | ||
| 020 | _a9957-11-384-4 | ||
| 040 |
_aJO-AjNU _bara _erda _cJO-AjNU |
||
| 041 | _aara | ||
| 050 | 1 | 4 | _aK3240.2.T37.2003 |
| 100 | 3 |
_a الطراونة ، محمد, _eauthor _947180 |
|
| 245 | 0 | 0 | _aضمانات حقوق الإنسان في الدعوى الجزائية " دراسة مقارنة " |
| 250 | _aط1 | ||
| 264 | 3 | 1 | _aعمان : دار وائل ، 2003 |
| 300 | _a292ص | ||
| 336 |
_atext _btxt _2rdacontent |
||
| 337 |
_aunmediated _bn _2rdamedia |
||
| 338 |
_avolume _bnc _2rdacarrier |
||
| 650 | 4 |
_aحقوق الإنسان -- القانون -- التحليل المقارن _947181 |
|
| 999 |
_aA20577 _c24145 _d24145 |
||